[Event "RUS vs. ROW"]
[Site "Moscow RUS"]
[Date "2002.09.08"]
[Round "2"]
[White "Shirov,A"]
[Black "Morozevich,A"]
[Result "1-0"]
[WhiteElo "2697"]
[BlackElo "2716"]

1.e4 e5 2.Nf3 Nf6 3.Nxe5 d6 4.Nf3 Nxe4 5.Nc3 Nxc3 6.dxc3 Be7 7.Bf4 O-O 8.Qd2 Nd7
9.O-O-O Nc5 10.Kb1 Bf6 11.Be3 b6 12.Nd4 Bb7 13.f3 a6 14.h4 Re8 15.Rh3 Bc8
16.Nc6 Qd7 17.Nb4 Bb7 18.g4 a5 19.Nd3 Nxd3 20.Bxd3 b5 21.Bg5 Be7 22.h5 Bc6
23.Bf5 Qd8 24.Be3 Rb8 25.Qd3 h6 26.f4 b4 27.g5 hxg5 28.h6 bxc3 29.Bh7+ Kf8
30.hxg7+ Kxg7 31.fxg5 Rxb2+ 32.Ka1 Rb5 33.Qxc3+ Re5 34.Bd4 Bxg5 35.Qxc6 Bf6
36.Qg2+ Kf8 37.Bxe5 Bxe5+ 38.c3 Qf6 39.Qf3 Qxf3 40.Rxf3 Ke7 41.Bc2 Rh8 42.Bb3 f6
43.Kb2 c6 44.Ka3 d5 45.c4 dxc4 46.Bxc4 Rh4 47.Bb3 Bd6+ 48.Kb2 a4 49.Bc2 Be5+
50.Kc1 Rb4 51.Bf5 Rc4+ 52.Kd2 Kd6 53.Ke2+ Kc7 54.Be6 Re4+ 55.Re3 Rb4 56.a3 Rh4
57.Rh3 Re4+ 58.Kf3 Rf4+ 59.Kg2 Kb6 60.Rb1+ Kc5 61.Rc1+ Kd6 62.Bf7 Rd4 63.Rc4 Rd2+
64.Kf1 c5 65.Rxa4 Bd4 66.Rf3 Ke5 67.Bg6 Kd5 68.Bd3 Rb2 69.Rf5+ Kc6 70.Ra6+ Kc7
71.Rh5  1-0

[Event "RUS vs. ROW"]
[Site "Moscow RUS"]
[Date "2002.09.09"]
[Round "5"]
[White "Morozevich,A"]
[Black "Smirin,I"]
[Result "1-0"]
[WhiteElo "2716"]
[BlackElo "2676"]

1.e4 c5 2.Nf3 Nc6 3.Bb5 e6 4.O-O Nge7 5.c3 a6 6.Ba4 b5 7.Bc2 Bb7 8.Re1 Rc8
9.a4 Qb6 10.Na3 Ng6 11.axb5 axb5 12.d4 cxd4 13.cxd4 Bb4 14.Re2 O-O 15.Be3 d5
16.e5 Be7 17.Bd3 b4 18.Nc2 Ra8 19.g3 Ba6 20.Rxa6 Rxa6 21.Bxa6 Qxa6 22.h4 Ra8
23.h5 Nf8 24.h6 g6 25.b3 Qc8 26.Bg5 Nd7 27.Ne3 Bxg5 28.Nxg5 Qd8 29.Nf3 Ne7
30.Rc2 f6 31.Ng4 fxe5 32.dxe5 Rc8 33.Ng5 Rxc2 34.Qxc2 Qb6 35.Nf6+  1-0

[Event "RUS vs. ROW"]
[Site "Moscow RUS"]
[Date "2002.09.10"]
[Round "8"]
[White "Ponomariov,R"]
[Black "Morozevich,A"]
[Result "1/2-1/2"]
[WhiteElo "2743"]
[BlackElo "2716"]

1.e4 e5 2.Nf3 Nf6 3.d4 Nxe4 4.Bd3 d5 5.Nxe5 Nd7 6.Nxd7 Bxd7 7.O-O Bd6 8.c4 c6
9.cxd5 cxd5 10.Nc3 Nxc3 11.bxc3 O-O 12.Qh5 f5 13.Re1 Qc7 14.Bd2 Rae8 15.g3 g6
16.Qf3 Re4 17.Rec1 b5 18.a4 a6 19.Bh6 Rc8 20.Bxe4 dxe4 21.Qe3 Qc4 22.axb5 Bxb5
23.Bf4 Bf8 24.Be5 h6 25.g4 Qe6 26.gxf5 Qxf5 27.Qf4 Kf7 28.c4 Qxf4 29.Bxf4 Rxc4
30.d5 Rd4 31.Rd1 Rd3 32.Rxd3 exd3 33.Bd2 Bc4 34.Ra4 Bxd5 35.Rxa6 Be4 36.Ra4 Bf5
37.Kg2 h5 38.Bg5 Ke6 39.Kf3 Bd6  1/2-1/2

[Event "RUS vs. ROW"]
[Site "Moscow RUS"]
[Date "2002.09.11"]
[Round "10"]
[White "Morozevich,A"]
[Black "Ivanchuk,V"]
[Result "1/2-1/2"]
[WhiteElo "2716"]
[BlackElo "2711"]

1.e4 c5 2.Nf3 e6 3.d3 b6 4.g3 Bb7 5.Bg2 d6 6.O-O Be7 7.Re1 Nf6 8.Nbd2 O-O
9.c3 Nc6 10.a3 Ne5 11.Nxe5 dxe5 12.Nc4 Qc7 13.f4 exf4 14.Bxf4 Qc6 15.Qe2 Rad8
16.a4 Ne8 17.Rad1 Qc8 18.Qc2 Nd6 19.Ne3 Rd7 20.h4 Rfd8 21.Ng4 Rf8 22.h5 h6
23.Qc1 Ne8 24.Rf1 Qd8 25.Ne5 Rd6 26.Qe3 Bg5 27.Bxg5 Qxg5 28.Qxg5 hxg5 29.Rf2 Rd8
30.g4 f6 31.Ng6 Rf7 32.e5 Bxg2 33.Kxg2 Nc7 34.Rf3 Nd5 35.Rdf1 Rdd7 36.c4 Nb4
37.exf6 Nxd3 38.Kg3 e5 39.fxg7 Kxg7 40.Rxf7+ Rxf7 41.Rxf7+ Kxf7 42.b3 e4
43.Kg2 Nf4+  1/2-1/2

[Event "FIDE World Cup Gp D"]
[Site "Hyderabad IND"]
[Date "2002.10.10"]
[Round "1"]
[White "Morozevich,A"]
[Black "Short,N"]
[Result "1/2-1/2"]
[WhiteElo "2707"]
[BlackElo "2684"]

1.e4 e5 2.Nf3 Nc6 3.Bb5 a6 4.Ba4 Nf6 5.O-O Be7 6.Re1 b5 7.Bb3 d6 8.c3 O-O
9.h3 Nd7 10.d4 Bf6 11.a4 Bb7 12.d5 Ne7 13.axb5 axb5 14.Rxa8 Qxa8 15.Na3 Ba6
16.Nh2 g6 17.Qg4 Qc8 18.Bc2 c6 19.dxc6 Qxc6 20.Rd1 h5 21.Qf3 Bg7 22.Bg5 f6
23.Be3 Nc5 24.Nf1 Bb7 25.Nd2 Kh7 26.c4 b4 27.Nb5 Nc8 28.Nb3 Nxb3 29.Bxb3 Rd8
30.Bd2 Qc5 31.Qe3 Nb6 32.Be1 Qc6 33.Na7 Qc7 34.Bxb4 Nxc4 35.Qc3 d5 36.exd5 Rxd5
37.Rc1 Ba6 38.Ra1 Qb7 39.Rxa6 Qxa6 40.Qxc4 Qa1+ 41.Kh2 Rd4 42.Qg8+ Kh6 43.Nc6 Qc1
44.Nxd4 Qf4+ 45.Kg1 Qc1+ 46.Kh2 Qf4+  1/2-1/2

[Event "FIDE World Cup Gp D"]
[Site "Hyderabad IND"]
[Date "2002.10.11"]
[Round "2"]
[White "Ganguly,S"]
[Black "Morozevich,A"]
[Result "1-0"]
[WhiteElo "2531"]
[BlackElo "2707"]

1.e4 e5 2.Nf3 Nc6 3.Bb5 a6 4.Ba4 Nf6 5.O-O Be7 6.Re1 b5 7.Bb3 d6 8.c3 O-O
9.h3 h6 10.d4 Re8 11.Nbd2 Bf8 12.Nf1 Bd7 13.Ng3 Na5 14.Bc2 c5 15.b3 Qc7 16.Be3 g6
17.Rc1 Nc6 18.Bb1 Kh7 19.Nh2 h5 20.Qf3 Kg7 21.Qd1 exd4 22.cxd4 cxd4 23.Bxd4 Qd8
24.Rxc6 Bxc6 25.Qc1 Kg8 26.Qxc6 Re6 27.Qc3 Rc8 28.Qb2 Nd7 29.Rd1 Bh6 30.Nf3 Qc7
31.Ne2 Ne5 32.Ne1 Nc6 33.Qa3 d5 34.exd5 Rxe2 35.dxc6 Qxc6 36.Nf3 Ree8 37.Qb2 Rcd8
38.Rf1 Qd5 39.a3 Re6 40.b4 Ree8 41.Be5 Qe6 42.Bf6 Rd6 43.Be5 Rdd8 44.Re1 Qd7
45.Bc2 Qc6 46.Bb3 Re7 47.Ra1 Rde8 48.a4 Qd7 49.Rd1 Qf5 50.Bc2 Qc8 51.axb5 axb5
52.Rd5 Qc6 53.Rd6 Qc8 54.Bb3 Qc1+ 55.Qxc1 Bxc1 56.Rxg6+ Kh7 57.Rg7+ Kh6 58.Bc2 f5
59.Rxe7 Rxe7 60.Bxf5 Bd2 61.Bd6 Rf7 62.Bd3 Bf4 63.Bc5  1-0

[Event "FIDE World Cup Gp D"]
[Site "Hyderabad IND"]
[Date "2002.10.12"]
[Round "3"]
[White "Morozevich,A"]
[Black "Beliavsky,A"]
[Result "1/2-1/2"]
[WhiteElo "2707"]
[BlackElo "2650"]

1.e4 e5 2.Nf3 Nc6 3.Bb5 a6 4.Ba4 Nf6 5.O-O Be7 6.Re1 b5 7.Bb3 d6 8.c3 O-O
9.h3 Re8 10.d4 Bb7 11.a4 h6 12.Nbd2 Bf8 13.Bc2 exd4 14.cxd4 Nb4 15.Bb1 c5
16.d5 Nd7 17.Ra3 f5 18.Nh2 Nf6 19.Rf3 Re5 20.Rxf5 Rxf5 21.exf5 Bxd5 22.Ng4 Ra7
23.Ne4 Bxe4 24.Bxe4 Nxg4 25.Qxg4 d5 26.Bb1 Re7 27.Rd1 Qd6 28.Bd2 Nc6 29.axb5 axb5
30.Bf4 Qf6 31.Qf3 Nb4 32.Be3 Rd7 33.b3  1/2-1/2

[Event "FIDE World Cup Gp D"]
[Site "Hyderabad IND"]
[Date "2002.10.13"]
[Round "4"]
[White "Morozevich,A"]
[Black "Ehlvest,J"]
[Result "0-1"]
[WhiteElo "2707"]
[BlackElo "2600"]

1.e4 c5 2.Nf3 d6 3.d4 cxd4 4.Nxd4 Nf6 5.Nc3 a6 6.f3 e6 7.Be3 b5 8.g4 Bb7
9.Qd2 h6 10.O-O-O Nbd7 11.Bd3 b4 12.Nce2 d5 13.exd5 Nxd5 14.Nf4 Qa5 15.Bc4 Ne5
16.Bxd5 Bxd5 17.Nxd5 Qxd5 18.b3 Be7 19.Qe2 Nd7 20.Kb1 Qb7 21.Rhe1 Nf6 22.Bc1 O-O
23.Bb2 Rfd8 24.f4 Nd5 25.f5 Bh4 26.Rg1 e5 27.Nf3 Bf6 28.Nd2 e4 29.Nxe4 Bxb2
30.Kxb2 Qe7 31.Rge1 Qe5+ 32.Kb1 Rd7 33.Rd3 Nf4 34.Qf3 Nxd3 35.cxd3 Rad8 36.Rd1 Qb5
37.Nf2 Rc7 38.Ne4 Qc6 39.Qe2 a5 40.f6 g6 41.h4 a4 42.d4 axb3 43.axb3 Qd5
44.Qd3 Rc3 45.Nxc3 Qxb3+ 46.Kc1 bxc3 47.Qb1 Qa3+ 48.Kc2 Qd6 49.h5 Rb8 50.Qc1 Qh2+
51.Kd3 Qg3+ 52.Qe3 Qxg4 53.Rc1 Qxh5 54.Kxc3 Qa5+ 55.Kc2 Qf5+ 56.Kc3 Qxf6
57.Qxh6 Rc8+ 58.Kd3 Qf3+ 59.Kd2 Rxc1 60.Kxc1 Qc3+  0-1

[Event "StPbg vs Moscow"]
[Site "Moscow RUS"]
[Date "2002.10.22"]
[Round "1"]
[White "Svidler,P"]
[Black "Morozevich,A"]
[Result "1/2-1/2"]
[WhiteElo "2690"]
[BlackElo "2707"]

1.e4 e5 2.Nf3 Nf6 3.Nc3 Nc6 4.d4 exd4 5.Nd5 Be7 6.Bf4 d6 7.Nxd4 O-O 8.Nb5 Nxd5
9.exd5 a6 10.dxc6 axb5 11.Bxb5 Bg5 12.cxb7 Bxb7 13.Qg4 Qe7+ 14.Kd2 Bf6 15.Rhe1 Qd8
16.c3 Rb8 17.Kc2 Bc8 18.Qe2 c6 19.Bd3 Be6 20.Qd2 g6 21.Kc1 Qa5 22.Bxd6 Rxb2
23.Qxb2 Bxc3 24.Qa3 Qxa3+ 25.Bxa3 Ra8 26.Rxe6 Bxa1 27.Rxc6 Rxa3 28.Bc4 Bd4
29.f4 Ra5 30.Kd2 Rc5 31.Rxc5 Bxc5 32.a4 Kf8 33.Kd3 Bb6 34.Ke4 Ke7 35.f5 g5
36.Kd5 g4 37.Kc6 Bg1 38.h3 gxh3 39.gxh3 Kf6 40.Bd3 Kg5 41.a5 Kh4 42.a6 f6
43.Kb7 Kxh3 44.a7 Bxa7 45.Kxa7 Kg4 46.Kb6 Kf4 47.Kc5 Ke5  1/2-1/2

[Event "StPbg vs Moscow"]
[Site "Moscow RUS"]
[Date "2002.10.23"]
[Round "2"]
[White "Morozevich,A"]
[Black "Svidler,P"]
[Result "0-1"]
[WhiteElo "2707"]
[BlackElo "2690"]

1.e4 c5 2.Nf3 e6 3.d4 cxd4 4.Nxd4 a6 5.c4 Nf6 6.Nc3 Qc7 7.a3 Nxe4 8.Nxe4 Qe5
9.Bd3 Qxd4 10.O-O f5 11.Be3 Qe5 12.f4 Qc7 13.Ng5 Bc5 14.Qh5+ g6 15.Qh3 h6
16.Rae1 Qb6 17.Bxf5 gxf5 18.Qh5+ Kd8 19.Nf7+ Kc7 20.Nxh8 Bxe3+ 21.Kh1 Qxb2
22.Rxe3 Qxh8 23.Qf7 Qd4 24.Rxe6 Qxc4 25.Rfe1 Qxf4 26.R6e5 Nc6 27.Rxf5 Qd2
28.Rff1 b5 29.Rd1 Qe3 30.Rf3 Qe4 31.h3 h5 32.Qxh5 Bb7 33.Qg5 Re8 34.Rfd3 Ne5
35.Re3 Qc2 36.Ree1 Bc6 37.Rd2 Qc3 38.Rde2 d6 39.Re3 Qc4 40.Rg3 Kb6 41.Qd2 Qc5
42.Kh2 Nc4 43.Qc3 Rxe1 44.Qxe1 Nxa3 45.h4 b4 46.Rg5 Qd4 47.Qg3 Nc2 48.Rg4 Be4
49.Rf4 Ne3 50.Qg8 Qe5 51.Qg3 Nxg2 52.Rxe4 Qxe4 53.Qxd6+ Kb5  0-1

[Event "Olympiad"]
[Site "Bled SLO"]
[Date "2002.11.01"]
[Round "7"]
[White "Kempinski,R"]
[Black "Morozevich,A"]
[Result "1/2-1/2"]
[WhiteElo "2532"]
[BlackElo "2707"]

1.d4 d5 2.c4 c6 3.Nf3 Nf6 4.Nc3 dxc4 5.a4 Bf5 6.Ne5 Nbd7 7.Nxc4 Qc7 8.g3 e5
9.dxe5 Nxe5 10.Bf4 Nfd7 11.Bg2 g5 12.Nxe5 gxf4 13.Nxd7 O-O-O 14.Qd4 Qxd7
15.Qxf4 Bd6 16.Qc1 Kb8 17.a5 a6 18.O-O Qe7 19.Ra4 Bc7 20.Rh4 Rhg8 21.Kh1 Rg4
22.Rxg4 Bxg4 23.Qh6 Qb4 24.Qxh7 Qxb2 25.Qg7 Bxe2 26.Rb1 Qxb1+ 27.Nxb1 Rd1+
28.Bf1 Rxf1+ 29.Kg2 Rxb1 30.h4 Bf1+ 31.Kh2 Bxa5 32.h5 Bb6 33.h6 Bd3 34.f3 Rf1
35.Qxf7 Ka7 36.g4 Bd4 37.g5 c5 38.g6 Bxg6 39.Qxg6 Rxf3 40.h7 Rf6 41.Qg5 Rc6
42.Kg2 Rd6 43.Kf3 Kb6 44.Qh4 a5 45.h8=Q Bxh8 46.Qxh8 Rd4 47.Qe8 a4 48.Ke2 Ka7
49.Qe7 Kb6 50.Qe8 Kc7 51.Qb5 b6 52.Qa6 Kc6 53.Ke3 Rh4 54.Kd2 Rh2+ 55.Kc1 Rh4
56.Kc2 Rb4 57.Kc3 Rd4 58.Kc2 Kd5  1/2-1/2

[Event "Olympiad"]
[Site "Bled SLO"]
[Date "2002.11.08"]
[Round "13"]
[White "Avrukh,B"]
[Black "Morozevich,A"]
[Result "1/2-1/2"]
[WhiteElo "2595"]
[BlackElo "2707"]

1.d4 d5 2.c4 c6 3.Nc3 Nf6 4.e3 a6 5.Nf3 b5 6.b3 Bg4 7.Be2 e6 8.O-O Nbd7 9.h3 Bh5
10.Bb2 Bd6 11.Ne5 Bxe2 12.Nxe2 Qc7 13.cxd5 cxd5 14.Rc1 Qb8 15.Nxd7 Nxd7 16.e4 b4
17.Rc6  1/2-1/2

[Event "Keres Memorial Rapid"]
[Site "Tallinn EST"]
[Date "2003.01.11"]
[Round "3"]
[White "Ehlvest,J"]
[Black "Morozevich,A"]
[Result "0-1"]
[WhiteElo "2600"]
[BlackElo "2678"]

1.d4 d5 2.c4 c6 3.Nf3 Nf6 4.Qc2 Bg4 5.Ne5 Bh5 6.cxd5 Nxd5 7.Bd2 e6 8.e3 Nd7
9.Nxd7 Qxd7 10.Bd3 Nb4 11.Bxb4 Bxb4+ 12.Nc3 e5 13.O-O exd4 14.Bf5 Qd6 15.exd4 O-O
16.a3 Bxc3 17.bxc3 Bg6 18.Bxg6 hxg6 19.a4 Rfe8 20.Rfe1 Re7 21.Rxe7 Qxe7 22.a5 Rd8
23.g3 c5 24.dxc5 Qxc5 25.Rb1 Qc6 26.Rd1 Re8 27.Qd3 a6 28.c4 Re5 29.Qd4 f6
30.h4 Kh7 31.Qc3 g5 32.Qd3+ Kh6 33.hxg5+ Rxg5 34.Qd8 Qxc4 35.Qh8+ Kg6 36.Qe8+ Kh7
37.Rd8 Re5 38.Qd7 Kg6 39.Rc8 Re1+ 40.Kh2 Qe4  0-1

[Event "Keres Memorial Rapid"]
[Site "Tallinn EST"]
[Date "2003.01.12"]
[Round "6"]
[White "Dreev,A"]
[Black "Morozevich,A"]
[Result "1/2-1/2"]
[WhiteElo "2690"]
[BlackElo "2678"]

1.d4 d5 2.c4 c6 3.Nf3 Nf6 4.Qc2 dxc4 5.Qxc4 Bg4 6.Nbd2 e6 7.g3 Qa5 8.Bg2 Nbd7
9.O-O Be7 10.Qb3 Qb6 11.a4 Qxb3 12.Nxb3 a5 13.Re1 Bxf3 14.Bxf3 Bb4 15.Rd1 O-O
16.Bd2 Bxd2 17.Rxd2  1/2-1/2

[Event "Keres Memorial Rapid"]
[Site "Tallinn EST"]
[Date "2003.01.12"]
[Round "7"]
[White "Morozevich,A"]
[Black "Zontakh,A"]
[Result "1-0"]
[WhiteElo "2678"]
[BlackElo "2508"]

1.e4 c6 2.d4 d5 3.e5 Bf5 4.g4 Bd7 5.c4 e6 6.Nc3 h5 7.g5 Ne7 8.Nf3 dxc4 9.Bxc4 Ng6
10.Bd3 Be7 11.Bxg6 fxg6 12.Nh4 Bxg5 13.Nxg6 Rh6 14.Rg1 Bxc1 15.Rxc1 Na6 16.Qf3 Rxg6
17.Qxh5 Qe7 18.Qxg6+ Kd8 19.Qg5  1-0

[Event "Aeroflot Open"]
[Site "Moscow RUS"]
[Date "2003.02.11"]
[Round "1"]
[White "Morozevich,A"]
[Black "Savchenko,S"]
[Result "1-0"]
[WhiteElo "2678"]
[BlackElo "2539"]

1.e4 c5 2.Nf3 Nc6 3.Nc3 g6 4.Bb5 Nd4 5.Ba4 Bg7 6.O-O a6 7.Nxd4 cxd4 8.Ne2 b5
9.Bb3 Bb7 10.d3 d5 11.f3 e6 12.Qe1 Ne7 13.Qh4 h6 14.a4 e5 15.Bd2 g5 16.Qh5 Ng6
17.Ng3 Nh4 18.axb5 axb5 19.exd5 Bxd5 20.Rxa8 Qxa8 21.Ne4 Qc6 22.Bxd5 Qxd5
23.f4 exf4 24.Rxf4 Ng6 25.Rf5 Qd7  1-0

[Event "Aeroflot Open"]
[Site "Moscow RUS"]
[Date "2003.02.15"]
[Round "5"]
[White "Morozevich,A"]
[Black "Anastasian,A"]
[Result "0-1"]
[WhiteElo "2678"]
[BlackElo "2555"]

1.e4 e6 2.d4 d5 3.Nc3 dxe4 4.Nxe4 Nd7 5.Nf3 Ngf6 6.Nxf6+ Nxf6 7.Bg5 c5 8.Bc4 cxd4
9.O-O a6 10.Qe2 h6 11.Bh4 Be7 12.Rad1 b5 13.Bb3 O-O 14.Nxd4 Qc7 15.Rfe1 Rd8
16.c3 Bd7 17.Nf5 Qc5 18.Rxd7 Rxd7 19.Bxe6 Rda7 20.Bd7 Rxd7 21.Nxe7+ Rxe7
22.Qxe7 Re8 23.Bxf6 Rxe7 24.Bxe7 Qd5 25.h3 Qd2 26.Re3 Qc1+ 27.Kh2 Qxb2 28.a3 Qxf2
29.Bc5 Qf4+ 30.Kg1 a5 31.Bd4 f6  0-1

[Event "Aeroflot Open"]
[Site "Moscow RUS"]
[Date "2003.02.19"]
[Round "9"]
[White "Morozevich,A"]
[Black "Mamedyarov,S"]
[Result "1/2-1/2"]
[WhiteElo "2678"]
[BlackElo "2596"]

1.e4 e5 2.Nf3 Nf6 3.Nxe5 d6 4.Nf3 Nxe4 5.d4 d5 6.Bd3 Bd6 7.O-O O-O 8.Re1 Bf5
9.c4 c6 10.Qb3 Na6 11.cxd5 cxd5 12.Nc3 Be6 13.a3 Nc7 14.Be3 f5 15.Rad1 Kh8
16.Bc1 Qe7 17.Bb1 b6 18.Na2 Rae8 19.Nb4 f4 20.Nc6 Qf7 21.Nxa7 Qh5 22.Nc6 Bg4
23.Nce5 Bxe5 24.dxe5 Nc5 25.Qc3 Nb5 26.Qd2 Bxf3 27.gxf3 Ne6 28.Qxd5 Ng5 29.Be4 Nc7
30.Qb3 Nce6 31.Bd5 Rd8 32.Bxe6 Nxf3+ 33.Kg2 Nxe1+ 34.Rxe1 Qg6+ 35.Kh1 Rd3
36.Qc4 b5 37.Qxb5 Rfd8 38.Bb3 Qg4 39.Bc2 Qf3+ 40.Kg1 Qg4+ 41.Kh1 Qf3+ 42.Kg1  1/2-1/2

[Event "Amber Rapid"]
[Site "Monte Carlo MNC"]
[Date "2003.03.15"]
[Round "1"]
[White "Morozevich,A"]
[Black "Van Wely,L"]
[Result "1-0"]
[WhiteElo "2678"]
[BlackElo "2668"]

1.e4 c5 2.Nf3 Nc6 3.d4 cxd4 4.Nxd4 Nf6 5.Nc3 e5 6.Nde2 Bc5 7.Ng3 h5 8.Bg5 Qb6
9.Qd2 Qxb2 10.Rb1 Qa3 11.Bxf6 gxf6 12.Rb3 Qa5 13.Rb5 Qa3 14.Nd5 a6 15.Rb3 Qxa2
16.Be2 Nd4 17.Rc3 d6 18.O-O Be6 19.Nxf6+ Kf8 20.Bd3 Qa5 21.Rb1 h4 22.Nf5 Bxf5
23.exf5 b5 24.Bf1 h3 25.Nd7+ Ke8 26.Nxc5 dxc5 27.Qe3 Qc7 28.Qe4 Ke7 29.Re3 Kf6
30.c3 Nc6 31.g4 Rag8 32.Rg3 Rg5 33.Bxh3 Na5 34.Ra1 Qb6 35.Re3 Nc4 36.Rg3 Rd8
37.Bg2 Nd2 38.Qe2 c4 39.h4 Rgg8 40.Rd1 Qd6 41.Qe3 Ke7 42.g5 Rd7 43.g6 fxg6
44.fxg6 Rxg6 45.Rxg6 Qxg6 46.Rxd2 Rxd2 47.Qxd2 a5 48.Qd5 Qb6 49.Qxe5+ Kd7
50.h5 a4 51.Bh3+ Kd8 52.Qg5+ Kc7 53.h6 a3 54.h7  1-0

[Event "Amber Blindfold"]
[Site "Monte Carlo MNC"]
[Date "2003.03.16"]
[Round "2"]
[White "Ivanchuk,V"]
[Black "Morozevich,A"]
[Result "1-0"]
[WhiteElo "2699"]
[BlackElo "2678"]

1.e4 e5 2.Nf3 Nf6 3.Nxe5 d6 4.Nf3 Nxe4 5.d4 d5 6.Bd3 Bd6 7.O-O O-O 8.c4 c6
9.Qc2 Na6 10.a3 f5 11.Nc3 Nc7 12.Ne2 Ne6 13.b4 a5 14.Bd2 Bd7 15.Rfb1 Be8
16.Ng3 g5 17.cxd5 cxd5 18.bxa5 g4 19.Bxe4 fxe4 20.Ne1 h5 21.Bb4 Bxb4 22.Rxb4 h4
23.Nf1 Bc6 24.Qd2 Nf4 25.Rb6 Qg5 26.Ra2 Rf6 27.Rab2 Qg6 28.a4 Raf8 29.a6 Nh3+
30.gxh3 gxh3+ 31.Kh1 bxa6 32.Rb8 Bxa4 33.Qe3 Qg4 34.Rxf8+ Rxf8 35.Qh6 Bb5
36.Ne3 Qg7 37.Qe6+ Kh7 38.Qxh3 Qxd4 39.Qxh4+ Kg6 40.Qg4+ Kh7 41.Nf5 Qf6 42.Rb3 Bf1
43.Qh5+  1-0

[Event "Amber Blindfold"]
[Site "Monte Carlo MNC"]
[Date "2003.03.18"]
[Round "4"]
[White "Ljubojevic,L"]
[Black "Morozevich,A"]
[Result "0-1"]
[WhiteElo "2570"]
[BlackElo "2678"]

1.d4 d5 2.c4 Nc6 3.cxd5 Qxd5 4.e3 e5 5.Nc3 Bb4 6.Bd2 Bxc3 7.bxc3 Nf6 8.c4 Qd6
9.d5 Ne7 10.Qb1 O-O 11.e4 Nd7 12.Bb4 Nc5 13.Nf3 b6 14.Qb2 f5 15.Qxe5 Nd3+
16.Bxd3 Qxb4+ 17.Nd2 Ng6 18.Qd4 c5 19.dxc6 Nf4 20.e5 Qb2 21.Qxf4 Qxa1+ 22.Bb1 Re8
23.O-O Qxe5 24.Qxe5 Rxe5 25.Nf3 Rc5 26.Re1 Ba6 27.Ne5 g6 28.Bc2 Re8 29.f4 Bxc4
30.Ra1 Rexe5 31.fxe5 Rxc6 32.Ba4 b5 33.Bb3 Kf7 34.Rd1 Ke6 35.Rd8 a5 36.Re8+ Kd5
37.Rb8 Kxe5 38.Kf2 Kd4 39.Rb7 h6 40.Bd1 b4 41.Ra7 Rc5 42.Rd7+ Kc3 43.Rd6 Rd5  0-1

[Event "Amber Rapid"]
[Site "Monte Carlo MNC"]
[Date "2003.03.18"]
[Round "4"]
[White "Morozevich,A"]
[Black "Ljubojevic,L"]
[Result "1-0"]
[WhiteElo "2678"]
[BlackElo "2570"]

1.e4 c5 2.Nf3 e6 3.d3 Nc6 4.g3 d5 5.Qe2 dxe4 6.dxe4 Nd4 7.Nxd4 cxd4 8.Bg2 Ne7
9.O-O Nc6 10.e5 Qc7 11.Rd1 Bd7 12.c3 Qxe5 13.Qxe5 Nxe5 14.cxd4 Nc6 15.Nc3 O-O-O
16.Bf4 h6 17.h4 Rg8 18.h5 Be7 19.Rac1 Bg5 20.Bxg5 hxg5 21.Ne4 f6 22.h6 Rdf8
23.d5 exd5 24.Rxd5 Be6 25.Rb5 Kc7 26.hxg7 Rd8 27.Nxf6 Rxg7 28.Ne4 Rgd7 29.Rxg5 Rd1+
30.Rxd1 Rxd1+ 31.Kh2 Bxa2 32.Nc3 Rd2 33.Nxa2 Rxb2 34.Nc3 Rxf2 35.Rg7+ Kb6
36.Nd5+ Kc5 37.Rxb7 a5 38.Nf4 Nb4 39.Kh3 Rd2 40.g4 a4 41.Ra7 Nd3 42.Nxd3+ Rxd3+
43.Kh4 Kb4 44.g5 Rd2 45.Bf3 Rd6 46.Kh5 Rd3 47.Kg4 a3 48.g6 Rd6 49.Kf5 Rd3
50.Bg4 Rd5+ 51.Kf6  1-0

[Event "Amber Blindfold"]
[Site "Monte Carlo MNC"]
[Date "2003.03.20"]
[Round "5"]
[White "Morozevich,A"]
[Black "Gelfand,B"]
[Result "1/2-1/2"]
[WhiteElo "2678"]
[BlackElo "2700"]

1.e4 c5 2.Nf3 Nc6 3.d4 cxd4 4.Nxd4 Nf6 5.Nc3 e5 6.Nde2 Bb4 7.a3 Ba5 8.f3 h6
9.b4 Bb6 10.Na4 d5 11.Nxb6 axb6 12.Bb2 O-O 13.Ng3 dxe4 14.fxe4 Qxd1+ 15.Rxd1 Be6
16.Bd3 Rfd8 17.O-O Nd4 18.h3 Rac8 19.c3 Nb3 20.Kf2 g6 21.Rfe1 Ne8 22.Nf1 Nd6
23.Ne3 f6 24.Ke2 Kf7 25.Bc2 Nc4 26.Nxc4 Bxc4+ 27.Ke3 b5 28.Rxd8 Rxd8 29.Rd1 Rxd1
30.Bxd1 Ke6 31.g4 g5 32.Bc2 Kd6 33.Bd3 Kc6 34.Bxc4 bxc4 35.a4 b5 36.a5 Kb7
37.Ke2 Ka6 38.Kd1 Kb7 39.Bc1 Nxc1 40.Kxc1 Ka6  1/2-1/2

[Event "Amber Rapid"]
[Site "Monte Carlo MNC"]
[Date "2003.03.20"]
[Round "5"]
[White "Gelfand,B"]
[Black "Morozevich,A"]
[Result "0-1"]
[WhiteElo "2700"]
[BlackElo "2678"]

1.d4 Nf6 2.c4 d6 3.Nf3 Nbd7 4.Nc3 e5 5.e4 Be7 6.Be2 O-O 7.O-O c6 8.Be3 Ng4
9.Bd2 Qe8 10.h3 Ngf6 11.Be3 Bd8 12.dxe5 dxe5 13.b4 Qe7 14.Qb3 Bc7 15.Rfd1 Rd8
16.c5 Nf8 17.Rxd8 Bxd8 18.Rd1 Bd7 19.Bc4 Bc7 20.b5 Be6 21.bxc6 bxc6 22.Bxe6 Nxe6
23.Qb7 Qe8 24.Ng5 Rb8 25.Qxa7 Ra8 26.Qb7 Rb8 27.Qa6 Nd4 28.Qc4 h6 29.Nf3 Nxf3+
30.gxf3 Nh7 31.Rb1 Ra8 32.Ne2 Nf8 33.Ng3 g6 34.Bxh6 Qe6 35.Qb3 Rxa2 36.Qb7 Bd8
37.Bxf8 Kxf8 38.Qb8 Rd2 39.h4 Qe7 40.Rc1 Qxh4 41.Qxe5 Bf6 42.Qb8+ Rd8 43.Qc7 Kg7
44.e5 Bg5 45.e6 Rf8 46.Re1 Bf4 47.Qxc6 Bxg3 48.fxg3 Qxg3+ 49.Kf1 Rh8 50.Ke2 Rh2+
51.Kd1 Qf2  0-1

[Event "Amber Blindfold"]
[Site "Monte Carlo MNC"]
[Date "2003.03.21"]
[Round "6"]
[White "Shirov,A"]
[Black "Morozevich,A"]
[Result "1-0"]
[WhiteElo "2723"]
[BlackElo "2678"]

1.e4 e5 2.Nf3 Nc6 3.Bb5 a6 4.Ba4 Nf6 5.O-O Be7 6.Re1 d6 7.c3 Bg4 8.h3 Bh5
9.d4 b5 10.Bc2 Bxf3 11.gxf3 Nh5 12.f4 g6 13.dxe5 dxe5 14.Qd5 Na5 15.a4 Qc8
16.axb5 O-O 17.Rxa5 Qxh3 18.Qd3 Qg4+ 19.Kf1 Rad8 20.Bd1 Qh4 21.Qf3 axb5 22.Rxb5 Nxf4
23.Bxf4 exf4 24.Kg2 c5 25.e5 h5 26.c4 Rd4 27.Nc3 Qg5+ 28.Kf1 Rxc4 29.e6 f5
30.Qg2 Qxg2+ 31.Kxg2 Rd8 32.Bb3 Rcd4 33.Rb7 Kf8 34.Ra1 c4 35.Raa7 Bc5 36.Rf7+ Kg8
37.Rg7+ Kh8 38.Rh7+ Kg8 39.Rag7+ Kf8 40.Rxg6 cxb3 41.Rf7+ Ke8 42.Rg8+  1-0

[Event "Amber Rapid"]
[Site "Monte Carlo MNC"]
[Date "2003.03.21"]
[Round "6"]
[White "Morozevich,A"]
[Black "Shirov,A"]
[Result "0-1"]
[WhiteElo "2678"]
[BlackElo "2723"]

1.e4 c5 2.Nf3 Nc6 3.Nc3 Nf6 4.Bb5 Qc7 5.d3 Nd4 6.Bc4 e6 7.a4 a6 8.h3 Be7
9.O-O O-O 10.Re1 d6 11.Bg5 h6 12.Bh4 Nxf3+ 13.Qxf3 Nd7 14.Bxe7 Ne5 15.Qg3 Qxe7
16.f4 Nxc4 17.dxc4 Bd7 18.Rad1 Bc6 19.Qg4 Rad8 20.Rd3 f5 21.exf5 exf5 22.Qd1 Qh4
23.Qd2 Rfe8 24.Rf1 Re6 25.Kh2 Kh7 26.b3 Rde8 27.Rg3 Qe7 28.Qd3 g6 29.Nd5 Qg7
30.Rf2 h5 31.c3 a5 32.Rgf3 h4 33.Rd2 Bxd5 34.Qxd5 R8e7 35.Qd3 Qf6 36.Qf1 Re4
37.Qf2 Kg7 38.Rfd3 R7e6 39.Qf3 Qe7 40.Qf2 b6 41.Qf3 Re1 42.Qc6 Rf1 43.Rf3 Rc1
44.g4 Ree1 45.Rff2 Kh6 46.g5+ Kg7 47.Qf3 Rh1+ 48.Qxh1 Rxh1+ 49.Kxh1 Qe3 50.Kg1 Qg3+
51.Kf1 Qxh3+ 52.Ke2 Qh1 53.Rxd6 h3 54.Rd7+ Kf8 55.Rh7 Kg8 56.Rh6 Kg7 57.Rh4 Qb1
58.Rxh3 Qxb3 59.Re3 Qxa4 60.Kf3 Qxc4 61.Rd2 Qf1+ 62.Rf2 Qd1+ 63.Rfe2 Qf1+
64.Rf2 Qh1+ 65.Ke2 Kf7 66.c4 Qc1 67.Kd3 Qd1+ 68.Rd2 Qb3+ 69.Ke2 Qxc4+ 70.Ke1 Qa4
71.Rd6 c4 72.Rxb6 Qa1+ 73.Ke2 Qh1 74.Rf6+ Kg7 75.Re7+ Kg8 76.Rxg6+ Kf8 77.Rge6 Qh2+
78.Kd1 Qg1+ 79.Kc2 Qf2+ 80.Re2 Qc5 81.R7e5 Qa3 82.R2e3 Qa4+ 83.Kc3 Qb4+ 84.Kc2 c3
85.Rxc3 Qxf4 86.Rcc5 Qa4+ 87.Kd3 Qd1+ 88.Kc4 Kg7 89.Rxf5 a4 90.Rf6 Qb3+ 91.Kd4 Qb4+
92.Kd5 Qb7+ 93.Kd6 Qb6+ 94.Kd5 Qb7+ 95.Rfc6 a3 96.Kc4 Qf7+ 97.Kc3 Qf3+ 98.Kb4 a2
99.Rc7+ Kf8 100.Ra7 Qe4+ 101.Kc3 Qe3+ 102.Kc4 Qc1+ 103.Kd5 Qxg5+ 104.Kc6 a1=Q
105.Rxg5 Qf6+ 106.Kd7 Qxg5 107.Rc7 Qd5+ 108.Kc8 Ke8 109.Kb8 Kd8 110.Rc8+ Kd7
111.Rc7+ Kd6 112.Rg7 Kc6 113.Rg6+ Kb5 114.Kc7 Qf7+  0-1

[Event "Amber Rapid"]
[Site "Monte Carlo MNC"]
[Date "2003.03.23"]
[Round "8"]
[White "Morozevich,A"]
[Black "Kramnik,V"]
[Result "1-0"]
[WhiteElo "2678"]
[BlackElo "2807"]

1.e4 e5 2.Nf3 Nc6 3.Bb5 Nf6 4.d3 Bc5 5.Bxc6 dxc6 6.Be3 Bd6 7.h3 Nd7 8.Nbd2 O-O
9.O-O c5 10.Nc4 b5 11.Ncd2 Nb8 12.a4 b4 13.Nb3 Qe7 14.Na5 Bd7 15.Nd2 Nc6
16.Nxc6 Bxc6 17.Qe2 Rae8 18.f3 Bd7 19.Rfc1 Be6 20.c3 a6 21.cxb4 cxb4 22.Nc4 f5
23.a5 Qd7 24.Nxd6 cxd6 25.Bb6 Qb5 26.Rc7 fxe4 27.fxe4 Rc8 28.Rac1 Rxc7 29.Rxc7 Rf7
30.Qc2 b3 31.Qc6 Rxc7 32.Qxc7 Qd7 33.Qb8+ Kf7 34.Kh2 h6 35.Bc7 d5 36.Bxe5 dxe4
37.dxe4 Bc4 38.Qb4 Qc6 39.Qd2 Be6 40.Qd4 Qd7 41.Bxg7 Qxd4 42.Bxd4 h5 43.Kg3 Bc4
44.Kh4 Be2 45.Kg5 Ke6 46.Bc3 Bd1 47.Kf4 Be2 48.g4 hxg4 49.hxg4 Bd1 50.g5 Bh5
51.Ke3 Bg6 52.Kd4 Kd6 53.Ke3 Bh7 54.Bf6 Kc5 55.Kd3 Bg6 56.Be7+ Kc6 57.Kd4 Kd7
58.Bf6 Kc6 59.Bg7 Bh7 60.Ke5 Bg6 61.Bf8 Bh7 62.Bb4 Bg6 63.Kf6 Bxe4 64.g6 Bd5
65.Ke7  1-0

[Event "Amber Rapid"]
[Site "Monte Carlo MNC"]
[Date "2003.03.27"]
[Round "11"]
[White "Almasi,Z"]
[Black "Morozevich,A"]
[Result "0-1"]
[WhiteElo "2676"]
[BlackElo "2678"]

1.e4 e6 2.d4 d5 3.Nc3 Nf6 4.Bg5 dxe4 5.Nxe4 Be7 6.Bxf6 gxf6 7.Nf3 a6 8.g3 b5
9.Bg2 Bb7 10.Qe2 Nd7 11.O-O O-O 12.a4 Bd5 13.Ned2 Rb8 14.axb5 axb5 15.c3 c5
16.Rfd1 Qc7 17.Nf1 cxd4 18.Rxd4 Bxf3 19.Qxf3 Ne5 20.Qh5 f5 21.Ne3 Ng6 22.Rad1 Bc5
23.Rd7 Qe5 24.Nc2 f4 25.Qf3 fxg3 26.hxg3 Qg5 27.R7d2 Ne5 28.Qe4 Nc4 29.Re2 Nxb2
30.Rb1 Nc4 31.Qh4 Qxh4 32.gxh4 Rfc8 33.Re4 Kf8 34.Ree1 Rb6 35.Nb4 Be7 36.Nc2 Bxh4
37.Nd4 Nd6 38.Bf1 Rc5 39.Re3 Bf6 40.Ne2 Nc4 41.Rh3 Rg5+ 42.Bg2 Rd6 43.f4 Rc5
44.Rxh7 Rd2 45.Bf3 Rd3 46.Bg2 Bxc3 47.Nxc3 Rxc3 48.Rd1 Ke7 49.Ra1 Nd6  0-1